80's music quiz - Statistics

General Stats
  • This quiz has been taken 3,573 times
  • The average score is 9 of 15
Answer Stats
Question Answer % Correct
Who wrote "I'm still standing"? Elton John
95%
Who wrote "Uptown Girl"? Billy Joel
91%
Which song starts with the lyirc "Shot through the heart"? You give love a bad name
89%
Who performed what is considered as one of the best live performances ever during Live Aid? Freddie Mercury (Queen)
86%
Which 1980's album sold the most copies in the U.S.? Thriller
77%
Who released "(I just) Died in your arms tonight" in 1986? Cutting Crew
71%
Which singer featured in the chorus of Rockwell's "Somebody's watching me"? Michael Jackson
66%
On which Michael Jackson album was "Billie Jean" and "Beat it" included? Thriller
61%
What year was Live Aid? 1985
55%
Who recorded the soundtrack to "Flash Gordon" from 1980? Queen
48%
What year was this album released? 1982
37%
Which band released the album "Hot Space" in 1982? Queen
32%
To which movie was "Eye of the Tiger" the theme song? Rocky III
28%
What year did Queen perform their last concert with Freddie Mercury as lead singer? 1986
19%
Which of the four Queen-members wrote "I want to break free" from 1984? John Deacon
14%
No matching quizzes found
Score Distribution
Percent of People with Each Score
Percentile by Number Answered
Your Score History
You have not taken this quiz